00846nam a2200181 a 4500020002700000020003000027082001500057100001500072245005000087250002700137260004800164300001300212500002700225520028500252650003700537700002000574856007000594 a0471599751 (paperback) a9780471599753 (paperback) a530.02 DAS1 aDas, Ashok10aIntroduction to nuclear and particle physics  aInternational edition. a[S.l.] :bJohn Wiley and Sons (WIE),c1993. a366 p. ; aInternational Edition. aThis introductory textbook stresses the reasoning chain of experimental observation, the development of physical principles and the creation of mathematical/quantitative models. It describes major concepts in both nuclear and particle physics and outlines the overlapping aspects. aphysics,nuclear,particle physics1 aFerbel, Thomas.40uhttp://www.amazon.com/exec/obidos/ASIN/0471599751/chopaconline-20